00438nam a2200169Ia 4500003000400000008004100004040001600045082001600061100001700077245006200094260004200156300000800198650000900206650001300215650002400228650001600252GCL140319s9999 xx 000 0 eng d aGCL / cGCL04a709.52bA D1 aALLEN, JANNE10aTHE DESIGNER'S GUIDE TO SAMURAI PATTERNS / cALLEN, JANNE a[S.N] : bTHAMES AND HUDSON ، c1990 a13204aARTS04aPAINTING04aSAMURAI AS PAINTERS04aJAPAN - ART